| 000 | 00412nam a22001457a 4500 | ||
|---|---|---|---|
| 082 |
_a621.313 _bDUD _cL-10, P-29 |
||
| 100 |
_aDudley, A. M _941298 |
||
| 245 |
_aInduction motor practice _cDudley, A. M |
||
| 250 | _a1st ed. | ||
| 260 |
_aNew york ,london _bMcGraw-Hill Company _c1928 |
||
| 300 |
_axi, 236 p. _bill. _c19 cm. |
||
| 526 |
_a0 _b0 _c0 _d621_313000000000000_DUD |
||
| 650 |
_aMCE _9379 |
||
| 942 |
_2ddc _cBK |
||
| 999 |
_c545444 _d545444 |
||